Le Marché commun (Record no. 35702)
[ view plain ]
| 000 -LEADER | |
|---|---|
| fixed length control field | 00873 a2200361 4500 |
| 037 ## - SOURCE OF ACQUISITION | |
| Stock number | L4858 |
| 037 ## - SOURCE OF ACQUISITION | |
| Stock number | L4859 |
| 037 ## - SOURCE OF ACQUISITION | |
| Stock number | L4855 |
| 037 ## - SOURCE OF ACQUISITION | |
| Stock number | L4856 |
| 037 ## - SOURCE OF ACQUISITION | |
| Stock number | L4854 |
| 037 ## - SOURCE OF ACQUISITION | |
| Stock number | L4857 |
| 020 ## - NUMERO INTERNATIONAL NORMALISE DES LIVRES | |
| International Standard Book Number | 2-225-75185-4 |
| 100 ## - VEDETTE PRINCIPALE - NOM DE PERSONNE | |
| Personal name | Berthaud, Claude |
| 100 ## - VEDETTE PRINCIPALE - NOM DE PERSONNE | |
| Language of a work | Fr |
| 260 ## - PUBLICATION, DISTRIBUTION, ETC. (IMPRINT) | |
| Place of publication, distribution, etc | Paris |
| 260 ## - PUBLICATION, DISTRIBUTION, ETC. (IMPRINT) | |
| Name of publisher, distributor, etc | Masson |
| 245 ## - TITLE STATEMENT | |
| Title | Le Marché commun |
| 260 ## - PUBLICATION, DISTRIBUTION, ETC. (IMPRINT) | |
| Date of publication, distribution, etc | 1981 |
| 250 ## - EDITION STATEMENT | |
| Edition statement | 2è éd. ref. |
| 300 ## - PHYSICAL DESCRIPTION | |
| Extent | 290 p. |
| 300 ## - PHYSICAL DESCRIPTION | |
| Other physical details | 24 cm |
| 440 ## - SERIES STATEMENT/ADDED ENTRY--TITLE | |
| Title | Géographie |
| 440 ## - SERIES STATEMENT/ADDED ENTRY--TITLE | |
| International Standard Serial Number | 0338-2664 |
| 630 ## - SUBJECT ADDED ENTRY--UNIFORM TITLE | |
| Uniform title | 91 - Geographie. Exploration de la terre, des diverses regions, des divers pays. Voyages. Geographie regionale |
| 650 ## - SUBJECT ADDED ENTRY--TOPICAL TERM | |
| Topical term or geographic name as entry element | 9 - GEOGRAPHIE ET HISTOIRE |
| 650 ## - SUBJECT ADDED ENTRY--TOPICAL TERM | |
| Topical term or geographic name as entry element | Economie |
| 650 ## - SUBJECT ADDED ENTRY--TOPICAL TERM | |
| Topical term or geographic name as entry element | Marché commun |
| 650 ## - SUBJECT ADDED ENTRY--TOPICAL TERM | |
| Topical term or geographic name as entry element | Union européenne |
| 650 ## - SUBJECT ADDED ENTRY--TOPICAL TERM | |
| Topical term or geographic name as entry element | Commerce international |
| 650 ## - SUBJECT ADDED ENTRY--TOPICAL TERM | |
| Topical term or geographic name as entry element | Géographie économique |
| Withdrawn status | Lost status | Damaged status | Not for loan | Location (home branch) | Sublocation or collection (holding branch) | Date acquired | Koha issues (times borrowed) | Koha full call number | Koha date last seen | Price effective from | Koha item type |
|---|---|---|---|---|---|---|---|---|---|---|---|
| Bibliothèque Universitaire Centrale | Bibliothèque Universitaire Centrale | 28/02/2009 | 911.3:33 BER | 28/02/2009 | 28/02/2009 | Livre |